000 00616nam a22002297a 4500
003 UA-OsUOA
001 48990
007 ta
008 20070913b un ||||| |||| 00| 0 ukr d
100 _aАльчевський І.
090 _a82
_bА59
942 _cBK
040 _aUA-OsUOA
_bukr
_cUA-OsUOA
_dUA-OsUOA
245 _aСпогади Матеріали Листування
300 _a257 с.
955 _a2
041 _aukr
080 _a82
260 _aК.
_bМузична Україна
_c1980
650 7 _a82 Література. Літературознавство
_2UDC
999 _c335111
_d335111